<?xml version="1.0" encoding="UTF-8"?>
<record
    xmlns:xsi="http://www.w3.org/2001/XMLSchema-instance"
    xsi:schemaLocation="http://www.loc.gov/MARC21/slim http://www.loc.gov/standards/marcxml/schema/MARC21slim.xsd"
    xmlns="http://www.loc.gov/MARC21/slim">

  <leader>00987nam a2200253Ia 4500</leader>
  <controlfield tag="003">3228</controlfield>
  <controlfield tag="005">20260525111704.0</controlfield>
  <controlfield tag="008">220624s9999    xx            000 0 und d</controlfield>
  <datafield tag="020" ind1=" " ind2=" ">
    <subfield code="a">9781782700722 (Hardcover)</subfield>
  </datafield>
  <datafield tag="040" ind1=" " ind2=" ">
    <subfield code="a">MPL</subfield>
    <subfield code="c">3228</subfield>
    <subfield code="b">Eng</subfield>
    <subfield code="d">RDA</subfield>
  </datafield>
  <datafield tag="041" ind1=" " ind2=" ">
    <subfield code="2">E</subfield>
  </datafield>
  <datafield tag="082" ind1=" " ind2=" ">
    <subfield code="a">EKF WALL</subfield>
  </datafield>
  <datafield tag="100" ind1=" " ind2=" ">
    <subfield code="a">LAURA WALL</subfield>
  </datafield>
  <datafield tag="245" ind1=" " ind2="0">
    <subfield code="a">123 WITH GOOSE /</subfield>
    <subfield code="c">Wall,Laura</subfield>
  </datafield>
  <datafield tag="260" ind1=" " ind2=" ">
    <subfield code="b">Award publication limited</subfield>
  </datafield>
  <datafield tag="300" ind1=" " ind2=" ">
    <subfield code="b">Colour illustrastions</subfield>
    <subfield code="c">17cm</subfield>
  </datafield>
  <datafield tag="490" ind1=" " ind2=" ">
    <subfield code="x">9781782700722</subfield>
  </datafield>
  <datafield tag="520" ind1=" " ind2=" ">
    <subfield code="a">When Sophie meets Goose on a trip to the park, they soon become inseparable. An enchanting series of stories about an unusual and heart-warming friendship. Little Goose is a series of shorter Goose stories in board book format, perfect for sharing with littlest ones. Age 0 3 And in 'Learn With Goose', with Goose around, first counting is lots of fun in these bright board books!</subfield>
  </datafield>
  <datafield tag="521" ind1=" " ind2=" ">
    <subfield code="a">Kids</subfield>
  </datafield>
  <datafield tag="942" ind1=" " ind2=" ">
    <subfield code="2">ddc</subfield>
    <subfield code="c">BOOK</subfield>
    <subfield code="y">164</subfield>
    <subfield code="z">Cyprian Zikalala</subfield>
  </datafield>
  <datafield tag="942" ind1=" " ind2=" ">
    <subfield code="2">ddc</subfield>
    <subfield code="c">BOOK</subfield>
  </datafield>
  <datafield tag="942" ind1=" " ind2=" ">
    <subfield code="2">ddc</subfield>
    <subfield code="c">BOOK</subfield>
  </datafield>
  <datafield tag="942" ind1=" " ind2=" ">
    <subfield code="c">BOOK</subfield>
    <subfield code="2">ddc</subfield>
  </datafield>
  <datafield tag="999" ind1=" " ind2=" ">
    <subfield code="c">685730</subfield>
    <subfield code="d">685729</subfield>
  </datafield>
  <datafield tag="952" ind1=" " ind2=" ">
    <subfield code="0">0</subfield>
    <subfield code="1">0</subfield>
    <subfield code="4">0</subfield>
    <subfield code="7">0</subfield>
    <subfield code="a">RIETL</subfield>
    <subfield code="b">RIETL</subfield>
    <subfield code="d">2022-06-24</subfield>
    <subfield code="g">314.50</subfield>
    <subfield code="l">0</subfield>
    <subfield code="p">33228031021520</subfield>
    <subfield code="r">2022-06-24</subfield>
    <subfield code="w">2022-06-24</subfield>
    <subfield code="y">BK</subfield>
    <subfield code="z">ARN265/21</subfield>
  </datafield>
  <datafield tag="952" ind1=" " ind2=" ">
    <subfield code="0">0</subfield>
    <subfield code="1">0</subfield>
    <subfield code="2">ddc</subfield>
    <subfield code="4">0</subfield>
    <subfield code="7">0</subfield>
    <subfield code="a">MASHML</subfield>
    <subfield code="b">MASHML</subfield>
    <subfield code="c">CHILD</subfield>
    <subfield code="d">2025-08-12</subfield>
    <subfield code="l">0</subfield>
    <subfield code="o">EKF</subfield>
    <subfield code="p">3322803183004</subfield>
    <subfield code="r">2025-08-12</subfield>
    <subfield code="w">2025-08-12</subfield>
    <subfield code="y">BOOK</subfield>
  </datafield>
  <datafield tag="952" ind1=" " ind2=" ">
    <subfield code="0">0</subfield>
    <subfield code="1">0</subfield>
    <subfield code="2">ddc</subfield>
    <subfield code="4">0</subfield>
    <subfield code="7">0</subfield>
    <subfield code="a">LYDBL</subfield>
    <subfield code="b">LYDBL</subfield>
    <subfield code="d">2026-05-25</subfield>
    <subfield code="l">0</subfield>
    <subfield code="o">EKF WALL</subfield>
    <subfield code="p">3322803183568</subfield>
    <subfield code="r">2026-05-25</subfield>
    <subfield code="w">2026-05-25</subfield>
    <subfield code="y">BOOK</subfield>
  </datafield>
</record>
